000 00972nas a2200313 4500
001 BR2015001180
003 BR-BrBNA
005 20231205125040.0
007 ta
008 230509b bl.|||p| |||| 00| 00por d
040 _aBR-BrBNA
_bpor
_cBiblioteca Nacional de Agricultura
041 _a(En)
072 _aL73; L72
100 1 _aBerchieri Júnior, A.
100 1 _aOliveira, G.H. de
100 1 _aPinheiro, L.A.S.
100 1 _aBarrow, P.A.
245 1 _aExperimental Salmonella Gallinarum infection in light laying hen lines
650 _aGALINHA PARA POSTURA
650 _aSALMONELLA GALLINARUM
650 _aSALMONELOSE
650 _aBACTERIA
650 _aDOENCA ANIMAL
650 _aINFECCAO
773 0 _tBrazilian Journal of Microbiology (Brazil)
_xISSN 1517-8382
_g(Jan-Mar 2000), v. 31(1) p. 50-52
_wBR2015001180
856 4 0 _uhttp://www.scielo.br/pdf/bjm/v31n1/011.pdf
909 _a202311
_bLúcia
_c55
_dLúcia Elande
942 _2AGRIS
_n0
_cANA
999 _c242332
_d242332